000 00467nam a2200157 i 4500
001 35127
003 ES-MaACL
005 20230906155047.0
007 t|
008 030212s1960 sp ||||1| spa d
100 1 _aBotello de las Heras, Fausto.
_930762
245 1 3 _aEl corazón a pájaros (1950-1960) /
_cFausto Botello de las Heras.
260 _aArcos de la Frontera :
_bAlcaravan,
_c1960.
300 _a53 p. ;
_c16 cm.
852 _aES-MaACL
_j2004-F-15
_bR.46541
999 _c35127
_d35127